00657nam a2200229 4500001000800000005001700008008000400025010001700029020003100046040001900077043001200096050001800108082001200126245007400138260004700212300002400259504004100283650001500324650002600339651004400365700001800409182771020150416153135.0000 a 80039729  a0673152650 (pbk.) :c$7.95 aUOELcDLCdDLC an-us---00aHM51b.S6636400a30121900aSociology :breadings on human society /c[compiled by] John E. Owen. aGlenview, Ill. :bScott, Foresman,cc1981. ax, 374 p. ;c24 cm. aIncludes bibliographical references. 0aSociology. 0aSocial historyy1970- 0aUnited StatesxSocial conditionsy1980-1 aOwen, John E.